| 000 | 00416nam a2200181Ia 4500 | ||
|---|---|---|---|
| 005 | 20240823012036.0 | ||
| 008 | 240823s9999||||xx |||||||||||||| ||und|| | ||
| 041 | _aENGLISH | ||
| 082 | _A346.07 P2 | ||
| 100 | _aAggarwal S K | ||
| 245 | 0 | _aBusiness Law | |
| 250 | _a1st | ||
| 260 |
_c2002 _b"Galgotia,New Delhi" |
||
| 500 | _aYES | ||
| 650 |
_aManagement _bManagement Studies |
||
| 942 | _cBK | ||
| 999 |
_c163264 _d163264 |
||